Statistiques concernant Ils sont ou étaient français mais nés hors de France 4

Cliquez ici pour prendre le quiz!

Statistiques générales

  • Ce quiz a été pris 13 fois
  • Le résultat moyen est 5 sur 40

Statistiques - réponses

Indice 1Indice 2Indice 3Prénom et nom% Correct
ChanteuseJBRoyaume-UniJane Birkin
62%
ScientifiqueMCPologneMarie Curie
54%
ChanteurGRD CongoGims
46%
JournalisteLZRussieLéon Zitrone
46%
SyndicalisteHKPologneHenri Krazucki
38%
ActriceCGRoyaume-UniCharlotte Gainsbourg
23%
CouturierJCDCMarocJean-Charles de Castelbajac
23%
PoliticienJLMMarocJean-Luc Mélenchon
23%
EcrivainHTRussieHenri Troyat
15%
PoliticienneNVBMarocNajat Vallaud-Belkacem
15%
PeintreNDSRussieNicolas de Staël
15%
AvocatSKRoumanieSerge Klarsfeld
15%
ActriceSRRwandaSonia Rolland
15%
EcrivainTBJMarocTahar Ben Jelloun
15%
SportiveTGRussieTatiana Golovin
15%
ActeurCDPologneCharles Denner
8%
ActriceCCSénégalClémentine Célarié
8%
EcrivaineCDSRussieComtesse de Ségur
8%
MédecinDRSénégalDidier Raoult
8%
ActriceEPRoumanieElvire Popesco
8%
AnimateurHCRoumanieHenri Chapier
8%
SpeakrineJCRoyaume-UniJacqueline Caurat
8%
ChanteurJSMarocJean Schultheis
8%
SportifJFMarocJust Fontaine
8%
ChanteurLFMonacoLéo Ferré
8%
EcrivainMHPologneMarek Halter
8%
ActriceMGMarocMarion Game
8%
PoliticienneMBMarocMichèle Barzach
8%
ActeurMGMarocMichel Galabru
8%
EcrivaineNSRussieNathalie Sarraute
8%
MusicienVCRoumanieVladimir Cosma
8%
CinéasteDTMonacoDanièle Thompson
0%
ScientifiqueHTPologneHaroun Tazieff
0%
ArchitecteIXRoumanieIannis Xenakis
0%
ActriceMMMarocMacha Méril
0%
ActriceNDMarocNathalie Delon
0%
SportifRVMarocRichard Virenque
0%
ActeurRGMarocRoland Giraud
0%
JournalisteREMarocRuth Elkrief
0%
EcrivainSGRussieSacha Guitry
0%

Distribution des résultats

Percentile par nombre de réponses

% des personnes avec chaque résultat

Votre développement - résultats

Vous n’avez pas pris ce quiz